Normal view MARC view

Entry Nombre personal

Number of records used in: 1

001 - NÚMERO DE CONTROL

  • campo de control: 934

003 - IDENTIFICADOR DE NÚMERO DE CONTROL

  • campo de control: DLC

005 - FECHA Y HORA DE LA ÚLTIMA TRANSACCIÓN

  • campo de control: 20260319154310.0

008 - ELEMENTOS DE DATO DE LONGITUD-FIJA

  • campo de control de longitud fija: 001102n| azannaabn |n aaa c

010 ## - NÚMERO DE CONTROL DE LA BIBLIOTECA DEL CONGRESO

  • Número de control de LC: nr 00034810

035 ## - NÚMERO DE CONTROL DEL SISTEMA

  • Número de control de sistema: (OCoLC)oca05359850

040 ## - FUENTE DE CATALOGACIÓN

  • Centro catalogador/agencia de origen: CSt
  • Lengua de catalogación: eng
  • Normas de descripción: rda
  • Centro/agencia transcriptor: CSt
  • Centro/agencia modificador: CSt
  • Centro/agencia modificador: IEN
  • Centro/agencia modificador: DLC

046 ## - FECHAS CON CODIFICACIÓN ESPECIAL

  • Fecha de nacimiento: 1951
  • Fuente del esquema de fecha: edtf

100 1# - ENCABEZAMIENTO-NOMBRE DE PERSONA

  • Nombre de persona: Miranda, Ana

370 ## - LUGAR ASOCIADO

  • Lugar de nacimiento: Fortaleza (Brazil)
  • Fuente del término: naf

374 ## - OCUPACIÓN

  • Ocupación: Actresses
  • Ocupación: Novelists
  • Ocupación: Poets
  • Fuente del término: lcsh

375 ## - GÉNERO/SEXO

  • Género: female

377 ## - IDIOMA ASOCIADO

  • Código del idioma: por

670 ## - FUENTE DE DATOS ENCONTRADOS

  • Cita de la fuente: Mi tía Nora, 1982:
  • Información encontrada: cast (Ana Miranda)

670 ## - FUENTE DE DATOS ENCONTRADOS

  • Cita de la fuente: Internet movie database, Nov. 2, 31, 2000
  • Información encontrada: (Ana Miranda, actress)

670 ## - FUENTE DE DATOS ENCONTRADOS

  • Cita de la fuente: Brasília, 2014:
  • Información encontrada: (texto, Ana Miranda)

670 ## - FUENTE DE DATOS ENCONTRADOS

  • Cita de la fuente: Portuguese Wikipedia, viewed April 14, 2015
  • Información encontrada: (Ana Miranda; Ana Maria Nóbrega Miranda; born in Fortaleza [Brazil], 1951; actress, poet, novelist; debuted as a novelist with Boca do Interno (1989))